Datum a čas kvízu
23.5
Celkem bodů
Celkový počet nahraných bodů na tomto kvízu bez doplňovacích otázek.
5.
Pořadí na kvízu
Konečné umístění týmu na tomto kvízu.
Zaznamenané odpovědi
| # | Otázka | Odpověď | Body | Výsledky |
|---|---|---|---|---|
| 1. | Nedaleko jednoho severočeského... | Bílina | 1 | |
| 2. | Vláda jednoho z karibských ost... | Barbados | 0 | |
| 3. | Jistá 26letá česká zpěvačka, z... | Markéta Konvičková | 0 | |
| 4. | Firma Sony minulý týden oznámi... | Je bezdisková. | 1 | |
| 5. | Letošní Tour de France se zaps... | Tadej Pogačar | 0 | |
| 6. | Po dějinách Ukrajiny, které js... | Štěpán I. (Svatý) | 0 | |
| 7. | Jak se nazývá město v jižním M... | Moháč | 0 | |
| 8. | V rámci Pařížské mírové konfer... | Trianonská smlouva | 0 | |
| 9. | Období mezi lety 1969–1989 v M... | János Kádár | 0 | |
| 10. | Napište šestipísmennou zkratku... | Fidesz | 0 |